• 首页
  • 本馆介绍
  • 公告通知
  • 最新文献
  • 馆藏检索
  • 电子资源
  • 读者导购
  • 参考咨询
  • 我的图书馆
  • 登录
  • 详细信息显示
  • 放入我的书架
  • 预约/预借图书
  • 作者相关作品
  • 分类相关作品
  • 丛书相关作品
  • 出版社相关作品

书目信息

  • 表格格式
  • 工作单格式
  • 卡片格式
书名: 潘家园—东方寻宝乐园
作者: 刘琰,程钦华编著.
分册号:
分册名:
出版地: 北京 :
 
出版社: 外文出版社
出版时间: 2006.
页数: 157 p. ;
开本: 22cm.
丛书名:
中图分类号:
科图分类号:
其他分类号: F724.787-64:H33
主题词:
电子资源:
000 00422nam 2200157 a 4500
001 E0730398793
005 20071002082827.40
008 071002s2006 00010 eng
020    @a978-7-119-04128-5.
040    @aPFT@bchi
041    @achi@hger
090    @aF724.787-64:H33
099    @dF724.787-64:H33@ex102
245    @a潘家园—东方寻宝乐园 / @c刘琰,程钦华编著.
260    @a北京 :@b外文出版社,@c2006.
300    @a157 p. ;@c22cm.
    
    潘家园—东方寻宝乐园 / / 刘琰,程钦华编著.-北京 : : 外文出版社, , 2006.
    157 p. ; ; 22cm.
    
    
    ISBN 978-7-119-04128-5.
    
●
相关链接 在E读中查询图书 在五车中查询图书 在当当中查询图书 在豆瓣中查询图书


正题名:潘家园—东方寻宝乐园     索取号:F724.787-64:H33/x102         预约/预借

序号 登录号 条形码 馆藏地/架位号 状态 备注
1 17540   300175405   第二样本阅览室/ [索取号:F724.787-64:H33/x102] 在馆    
2 17678   300176789   第四借阅区/ [索取号:F724.787-64:H33/x102] 在馆    
唐山师范学院图书馆 欢迎您!
大连网信软件有限公司© 版权所有